Analyse des données /

Guardado en:
Autor Principal: Cailliez, F.
Formato: Libro
Idioma:French
Publicado: Montréal, Québec, Canada : Presses de l'Université de Montréal, 1984.
Series:Séminaire de mathématiques supérieures ; 87
Materias:
Etiquetas: Agregar Etiqueta
Sin Etiquetas, Sea el primero en etiquetar este registro!
LEADER 00902nam a2200229 a 4500
001 MAT.inmabb006149
008 850207s1984####quca#####b####000#0#fre##
005 20130206165957.0
245 1 0 |a Analyse des données /  |c Francis Cailliez. 
260 |a Montréal, Québec, Canada :  |b Presses de l'Université de Montréal,  |c 1984. 
300 |a 103 p. :  |b il. ;  |c 28 cm. 
440 0 |a Séminaire de mathématiques supérieures ;  |v 87 
500 |a Cabecera de portada: Séminaire scientifique OTAN (NATO Advanced Study Institute), Département de mathématiques et de statistique--Université de Montréal. 
504 |a Bibliografía: p. [102]-103. 
510 4 |a MR,  |c 86d:62094 
020 |a 2760606570 
100 1 |a Cailliez, F.  |q (Francis) 
650 0 |a Multivariate analysis. 
084 |a 62H25 (62H20 62H30)  |2 msc2000 
010 |a  84203211  
040 |a DLC  |c DLC  |d DLC 
859 |h 62  |i C134  |p A-5536  |b BIB. MATEMATICA